The pros (Record no. 127579)

MARC details
000 -LEADER
campo de control de longitud fija 00541nam a2200169 4500
001 - NÚMERO DE CONTROL
campo de control 127579
003 - IDENTIFICADOR DE NÚMERO DE CONTROL
campo de control ES-MaACL
005 - FECHA Y HORA DE LA ÚLTIMA TRANSACCIÓN
campo de control 20230906193035.0
007 - CAMPO FIJO DE DESCRIPCIÓN FÍSICA--INFORMACIÓN GENERAL
campo de control de longitud fija t|
008 - DATOS DE LONGITUD FIJA--INFORMACIÓN GENERAL
campo de control de longitud fija 070214s1960 xxu r ||||1| eng d
100 1# - ENTRADA PRINCIPAL--NOMBRE DE PERSONA
Nombre de persona Riger, Robert.
9 (RLIN) 97203
245 14 - MENCIÓN DEL TÍTULO
Título The pros
Resto del título : a documentary of professional football in America /
Mención de responsabilidad, etc. Robert Riger ; comentary by Tex Maule.
260 ## - PUBLICACIÓN, DISTRIBUCIÓN, ETC.
Lugar de publicación, distribución, etc. New York :
Nombre del editor, distribuidor, etc. Simon and Schuster,
Fecha de publicación, distribución, etc. 1960.
300 ## - DESCRIPCIÓN FÍSICA
Extensión 191 p., 36 lám. :
Otras características físicas il. ;
Dimensiones 31 cm.
700 1# - ENTRADA AGREGADA--NOMBRE PERSONAL
Nombre de persona Maule, Tex.
9 (RLIN) 79199
852 ## - LOCALIZACIÓN
Ubicación ES-MaACL
Número de control de estantería C-24264
Sublocalización o colección R.52918
Holdings
Estatus retirado Estado de pérdida Estado de daño No para préstamo Biblioteca de origen Biblioteca actual Ubicación en estantería Fecha de adquisición Fuente de adquisición Total de préstamos Signatura topográfica completa Código de barras Visto por última vez Precio de reemplazo Tipo de ítem Koha
        Biblioteca del Ateneo de Madrid Biblioteca del Ateneo de Madrid Depósito 2 17/01/2008     C-24264 1132878 23/02/2023 23/02/2023 Libro impreso